| Tag |
First Indicator |
Second Indicator |
Subfields |
| LEADER |
00000cam a2200000Ii 4500 |
| 001 |
in00004425813 |
| 005 |
20210728140605.0 |
| 008 |
200525t20202020nyua b 001 0 eng d |
| 015 |
|
|
|a GBC0G7517
|2 bnb
|
| 020 |
|
|
|a 3030509311
|q hardback
|
| 020 |
|
|
|a 9783030509316
|q hardback
|
| 020 |
|
|
|z 9783030509323 (PDF ebook)
|
| 035 |
|
|
|a (OCoLC)on1155327946
|
| 040 |
|
|
|a YDX
|e rda
|c YDX
|d COO
|d BWK
|d UtOrBLW
|
| 043 |
|
|
|a e-gx---
|
| 049 |
|
|
|a TXAM
|
| 050 |
|
4 |
|a D804.175.B47
|b C35 2020
|
| 082 |
0 |
|
|a 940.53/18640943155
|2 23
|
| 100 |
1 |
|
|a Callaghan, Mark,
|e author.
|0 http://id.loc.gov/authorities/names/no2021036760
|
| 245 |
1 |
0 |
|a Empathetic memorials :
|b the other designs for the Berlin Holocaust Memorial /
|c Mark Callaghan.
|
| 264 |
|
1 |
|a New York :
|b Palgrave Macmillan,
|c [2020]
|
| 264 |
|
4 |
|c ©2020
|
| 300 |
|
|
|a xiv, 259 pages :
|b illustrations ;
|c 22 cm.
|
| 336 |
|
|
|a text
|b txt
|2 rdacontent
|
| 336 |
|
|
|a still image
|b sti
|2 rdacontent
|
| 337 |
|
|
|a unmediated
|b n
|2 rdamedia
|
| 338 |
|
|
|a volume
|b nc
|2 rdacarrier
|
| 490 |
1 |
|
|a Palgrave Macmillan memory studies
|
| 504 |
|
|
|a Includes bibliographical references and index.
|
| 520 |
|
|
|a This book is a study of the Berlin Holocaust Memorial Competitions of the 1990s, with a focus on designs that kindle empathetic responses. Through analysis of provocative designs, the book engages with issues of empathy, secondary witnessing and depictions of concentration camp iconography. It explores the relationship between empathy and cultural memory when representations of suffering are notably absent. The book submits that one design represents the idea of an uncanny memorial, and also pays attention to viewer coauthorship in counter-monuments. Analysis of counter-monuments also include their creative engagement with German history and their determination to defy fascist aesthetics. As the winning design for The Memorial to the Murdered Jews of Europe is abstract with an information center, there is an exploration of the memorial museum. Callaghan asks whether this configuration is intended to compensate for the abstract memorials ambiguity or to complement the designs visceral potential. Other debates explored concern political memory, national memory, and the controversy of dedicating the memorial exclusively to murdered Jews.
|
| 650 |
|
0 |
|a Holocaust memorials
|z Germany
|z Berlin
|v Case studies.
|
| 650 |
|
0 |
|a Holocaust memorials
|z Germany
|z Berlin
|x Planning.
|
| 650 |
|
0 |
|a Holocaust memorials
|x Social aspects.
|
| 650 |
|
0 |
|a Collective memory.
|0 http://id.loc.gov/authorities/subjects/sh2006002444
|
| 650 |
|
0 |
|a Empathy.
|0 http://id.loc.gov/authorities/subjects/sh85042827
|
| 650 |
|
0 |
|a Social psychology.
|0 http://id.loc.gov/authorities/subjects/sh85123994
|
| 830 |
|
0 |
|a Palgrave Macmillan memory studies.
|0 http://id.loc.gov/authorities/names/no2010110751
|
| 945 |
|
|
|b 775110
|
| 947 |
|
|
|a A14851601378
|
| 948 |
|
|
|a cataloged
|b h
|c 2021/3/31
|d c
|e dmitchel
|f 9:20:10 am
|
| 994 |
|
|
|a 92
|b TXA
|
| 999 |
f |
f |
|s ae419b82-d8b4-312e-9fb7-10e1c9443e18
|i a48ee09b-011a-3274-98ac-25bbdf8f8ae5
|t 0
|
| 952 |
f |
f |
|p normal
|a Texas A&M University
|b College Station
|c Sterling C. Evans Library
|d Evans: Library Stacks
|t 0
|e D804.175.B47 C35 2020
|h Library of Congress classification
|i unmediated -- volume
|m A14851601378
|
| 998 |
f |
f |
|a D804.175.B47 C35 2020
|t 0
|l Evans: Library Stacks
|